000 00412 a2200157 4500
020 _a007Y857989
090 _c6077
_d6077
100 _aWalston, Joseph A.
245 1 0 _aTransistor circuit design
260 0 _aNew York
_b, McGraw-Hill
_c[c1963]
300 _a523 p
_b. illus
_c. 26 cm.
650 0 _aTransistor circuits.
700 1 0 _aWalston, Joseph A.
700 1 0 _aMiller, John R.
942 _cBK
_k621.38153 WAL
999 _c9912
_d9912